Statistics for Name of countries without the letter N

Click here to take the quiz!

General Stats

  • This quiz has been taken 605 times
    (574 since last reset)
  • The average score is 67 of 81

Answer Stats

Country% Correct
Australia
94%
Russia
94%
Brazil
91%
Italy
91%
Algeria
90%
Austria
90%
Egypt
90%
Portugal
90%
Cuba
89%
Fiji
88%
Haiti
88%
Mexico
88%
Belgium
87%
Chile
87%
Morocco
87%
Croatia
86%
Ecuador
86%
Iraq
86%
Kosovo
86%
Bahamas
85%
Barbados
85%
Belize
85%
Chad
85%
Greece
85%
Laos
85%
Mali
85%
Paraguay
85%
Peru
85%
South Africa
85%
Uruguay
85%
Bulgaria
84%
Colombia
84%
Israel
84%
Latvia
84%
Samoa
84%
Turkey
84%
Belarus
83%
Bolivia
83%
Czech Republic
83%
Libya
83%
Luxembourg
83%
Qatar
83%
Serbia
83%
Syria
83%
Togo
83%
Cyprus
82%
Eritrea
82%
Jamaica
82%
Kiribati
82%
Moldova
82%
Slovakia
82%
South Korea
82%
Costa Rica
81%
Djibouti
81%
El Salvador
81%
Ethiopia
81%
Malta
81%
Palau
81%
Comoros
80%
Gambia
80%
Saudi Arabia
80%
Somalia
80%
Tuvalu
80%
Zambia
80%
Lesotho
79%
Malaysia
79%
Zimbabwe
79%
Cambodia
78%
Georgia
78%
Guatemala
78%
Kuwait
78%
Madagascar
78%
Seychelles
76%
Liberia
74%
Malawi
74%
Mozambique
74%
Cape Verde
73%
Mauritius
73%
East Timor
69%
Maldives
68%
Ivory Coast
63%

Score Distribution

Percentile by Number Answered

Percent of People with Each Score

Your Score History

You have not taken this quiz since the last reset